| 000 | 00744cam a22002054a 4500 | ||
|---|---|---|---|
| 005 | 20250605164041.0 | ||
| 008 | 250528s ||||||||||||||||||||||||d | ||
| 035 | _a16998 | ||
| 020 | _a192892525 | ||
| 040 |
_aGR-AtMCL _bgre _dGR-AtMCL _eAACR2 |
||
| 245 | 1 | _aClass | |
| 250 | _a1st | ||
| 260 |
_bOxford University Press, _c1995 |
||
| 300 | _a374 | ||
| 520 | _aIntroduction, The Classical Inheritance and Its Development, An Inheritance In Question, Class and the Historians, The History of the Socials, The Hermeneutics of the Social: Codes and Categories, The Language of Class, Selected Reading List, Biographical Notes, Acknowledgements, Index. | ||
| 700 | 1 |
_aJoyce Patrick _93122 |
|
| 942 | _cBK | ||
| 999 |
_c2439 _d2439 |
||